000 01523nem a2200457 i 4500
999 _c441
_d441
001 020620386
003 UkOxU
005 20190814152824.0
007 ad canzn
008 160401s2016 enkab e 01| eng d
015 _aGBB674779
_2bnb
016 7 _a017868845
_2Uk
020 _a9780241226339
_qhardback
034 0 _aa
_dW1800000
_eE1800000
_fN0900000
_gS0900000
_2bound
035 _a(Uk)017868845
035 _a(StEdALDL)1/3454954
040 _aStDuBDS
_beng
_erda
_cStDuBDS
_dUkOxU
049 _aCROBAR
082 0 4 _a912 REF
_223
245 0 0 _aReference world atlas :
_beverything you need to know about our planet today.
246 1 4 _aReference world atlas :
_beverything you need to know about our planet today.
250 _a10th edition.
255 _aScales differ
_c(W 180°00ʹ00ʺ--E 180°00ʹ00ʺ/N 84°59ʹ00ʺ--S 85°00ʹ00ʺ).
264 1 _aLondon :
_bDK Penguin Random House,
_c2016.
264 4 _c©2016
300 _a1 atlas (lvi, 350 pages) :
_billustrations (colour), maps (colour) ;
_c37 cm
336 _atext
_2rdacontent
336 _astill image
_2rdacontent
336 _acartographic image
_2rdacontent
337 _aunmediated
_2rdamedia
338 _avolume
_2rdacarrier
500 _aPrevious edition: 2013.
500 _aIncludes index.
650 0 _aAtlases
_zGreat Britain.
655 7 _aAtlases.
_2lcgft
942 _2ddc
_cREF
980 _g1
_f1/3454954
981 _dAgency file oxf2016-30.1